Statistiche per Calciatori della Juventus nel FIFA FIFPro World XI

Clicka qui per fare il quiz!

Statistiche generali

  • Questo quiz è stato fatto 37 volte
  • Il punteggio medio è 6 su 9

Statistiche sulle risposte

Numero apparizioninEdizioni apparizioniNazioneCalciatore% Corretto
42018; 2019; 2020; 2021PortogalloCristiano Ronaldo
100%
32006; 2007; 2017ItaliaGianluigi Buffon
97%
12019Paesi BassiMatthijs de Ligt
89%
12015FranciaPaul Pogba
86%
22017; 2021ItaliaLeonardo Bonucci
78%
22016; 2017BrasileDani Alves
69%
12006ItaliaGianluca Zambrotta
56%
12006FranciaLilian Thuram
47%
12006ItaliaFabio Cannavro
0%

Distribuzione punteggi

Percentile per numero di risposta

Percentuale di utenti per punteggio

I tuoi punteggi nel tempo

Non hai fatto questo quiz